000 002740000a22000970004500
100 1 _aPretiz, Paul E.
245 1 0 _aLatin misssionaries take on Europe
300 _aVol. 72, Num. 4 (Octubre-Diciembre, 1996), Páginas 10-11
773 0 _tLatin America Evangelist
942 _cANA
999 _c54662
_d54662